| 000 | 00662nam a2200217Ia 4500 | ||
|---|---|---|---|
| 003 | IN-BaIIA | ||
| 008 | 211028s9999 xx 000 0 eng d | ||
| 020 | _a3-540-54198-5 | ||
| 040 | _cIIA Library | ||
| 080 |
_a524 _bNUC |
||
| 245 | 0 |
_aNuclei in the cosmos _cedited by Heinz Oberhummer |
|
| 260 |
_aBerlin _bSpringer-Verlag _c1991 |
||
| 300 | _axii, 236p. | ||
| 490 | _aGraduate texts in contemporary physics | ||
| 650 | _aAstronomy and astrophysics thesaurus | ||
| 650 |
_aCosmos _910012 |
||
| 650 |
_aNuclear astrophysics _92774 |
||
| 650 |
_aUniverse _91987 |
||
| 700 |
_aOberhummer, Heinz .,ed. _917727 |
||
| 942 | _cBK | ||
| 999 |
_c10422 _d10422 |
||